Taylor Swift - Paroles High Infidelity - Statistiques

Statistiques générales
  • Ce quiz a été pris 38 fois
  • Le résultat moyen est 275 sur 377
Statistiques - réponses
Hint Réponse % Correct
I
100%
in
96%
Post-chorus Oh,
96%
oh,
96%
was
96%
you
96%
You
96%
know
92%
on
92%
the
92%
The
92%
where
92%
Refrain Do
88%
Chorus High
88%
infidelity
88%
is
88%
love
88%
me
88%
to
88%
want
88%
and
84%
And
84%
April
84%
eyes?
84%
he
84%
my
84%
one
84%
really
84%
them
84%
around,
80%
around
80%
can
80%
enough
80%
enough,
80%
how
80%
it
80%
kill
80%
loving
80%
many
80%
never
80%
regret
80%
That
80%
that
80%
there's
80%
way
80%
back
76%
brought
76%
dancing
76%
different
76%
life?
76%
slowest
76%
ways
76%
were
76%
your
76%
Your
76%
29th?
72%
have
72%
his
72%
Put
72%
tell
72%
burn
68%
city
68%
didn't
68%
But
64%
constellations
64%
far
64%
headphones
64%
it's
64%
too
64%
keeping
60%
records
60%
count
56%
if
56%
meeting
56%
truth
56%
as
52%
good
52%
just
52%
said
52%
Bad
48%
bent
48%
you'd
48%
At
44%
at
44%
down
44%
freeloading
44%
I'd
44%
like
44%
right
44%
sharp
44%
money
40%
thing
40%
time
40%
husband
36%
spoken
36%
tonight
36%
broken,
32%
chart
32%
fence
32%
game
32%
house
32%
knives
32%
omen
32%
Seemed
32%
slur
32%
aisle
28%
blind
28%
coming,
28%
open,
28%
picket
28%
lonely,
24%
Rain
24%
Couplet 2 Storm
24%
token
24%
Dragged
20%
feet
20%
hoping
20%
Couplet 1 | Outro Lock
20%
pay
20%
soaking,
20%
Wound
20%
Aucun quiz correspondant
Distribution des résultats
% des personnes avec chaque résultat
Percentile par nombre de réponses
Votre historique - résultats
Vous n’avez pas pris ce quiz